000 00646cam4a220020500 4500
001 tmp15358531
003 UPRA
005 20190819092815.0
008 950801s1961 nyu eng u
035 _a(Sirsi) r85756
035 _a(UPRA)tmp15358531
040 _cUPRA
100 1 _aStimson, Dorothy, 1890-
_dStimson, Dorothy, 1890-
_6A45140.1
245 1 0 _aScientists and amateurs :
_ba history of the Royal Society.
260 _aNew York :
_bH. Schuman,
_c[1961]
500 _aFirst published in 1948.
610 2 0 _aRoyal Society (Great Britain)
_6S35247.1
949 _aQ41
_wlcc
_i33729000331699
_mMAIN
_p2500
_tBOOK
_lON-SHELF
004 85756
999 _c97392
_d97392